000
00250nam a2200109Ia 4500
008
220204s9999 xx 000 0 und d
082
_a
82-3
_b
STE
100
_a
Stevenson, R L
245
0
_a
Kidnapped
260
_a
New York
_b
Airmont
_c
1963
942
_c
BK
999
_c
38237
_d
38237